<?xml version="1.0" encoding="UTF-8"?>
<collection xmlns="http://www.loc.gov/MARC21/slim">
<record>
  <controlfield tag="001">331090</controlfield>
  <controlfield tag="005">20251114173449.0</controlfield>
  <datafield tag="035" ind1=" " ind2=" ">
    <subfield code="a">G:(GEPRIS)512648189</subfield>
  </datafield>
  <datafield tag="024" ind1="7" ind2=" ">
    <subfield code="a">G:(GEPRIS)512648189</subfield>
    <subfield code="d">512648189</subfield>
  </datafield>
  <datafield tag="040" ind1=" " ind2=" ">
    <subfield code="a">GEPRIS</subfield>
    <subfield code="c">http://gepris.its.kfa-juelich.de</subfield>
  </datafield>
  <datafield tag="150" ind1=" " ind2=" ">
    <subfield code="a">Open-Access-Publikationskosten / 2026-2027 / Friedrich-Schiller-Universität Jena</subfield>
    <subfield code="y">2022 -</subfield>
  </datafield>
  <datafield tag="371" ind1=" " ind2=" ">
    <subfield code="a">Dr. Andreas Klinger</subfield>
  </datafield>
  <datafield tag="450" ind1=" " ind2=" ">
    <subfield code="a">DFG project G:(GEPRIS)512648189</subfield>
    <subfield code="w">d</subfield>
    <subfield code="y">2022 -</subfield>
  </datafield>
  <datafield tag="510" ind1="1" ind2=" ">
    <subfield code="a">Deutsche Forschungsgemeinschaft</subfield>
    <subfield code="0">I:(DE-588b)2007744-0</subfield>
    <subfield code="b">DFG</subfield>
  </datafield>
  <datafield tag="680" ind1=" " ind2=" ">
    <subfield code="a">Das vorliegende Projektvorhaben der Thüringer Universitäts- und Landesbibliothek zielt auf die Weiterentwicklung der Open-Access-Infrastruktur der Friedrich-Schiller-Universität Jena und die Schaffung der Grundlage für eine nachhaltige Finanzierung des Open-Access-Publizierens. Aufbauend auf zwei vorangegangene Phasen, in denen der Open-Access-Anteil am Publikationsaufkommen der Universität Jena erhöht und ein Kosten- und Publikationsmonitoring etabliert wurde, fokussiert die dritte Phase (2026-2027) auf die Implementierung einer umfassenden Open-Science-Strategie, die Optimierung des Open-Access-Monitorings hin zu einem virtuellen Informationsbudget sowie die Stärkung wissenschaftseigener Publikationsinfrastrukturen. Das Arbeitsprogramm umfasst die Strategieentwicklung und Vernetzung, den Ausbau des Kosten- und Publikationsmonitorings inklusive der Universitätsbibliographie sowie die Optimierung der Open-Access-Infrastrukturen für Publikationen und Forschungsdaten. Durch diese Maßnahmen werden die Voraussetzungen für eine transparente, effiziente und bedarfsorientierte Open-Access-Transformation an der Universität Jena geschaffen und die Sichtbarkeit der Forschungsergebnisse nachhaltig erhöht.</subfield>
  </datafield>
  <datafield tag="909" ind1="C" ind2="O">
    <subfield code="o">oai:juser.fz-juelich.de:998026</subfield>
    <subfield code="p">authority:GRANT</subfield>
    <subfield code="p">authority</subfield>
  </datafield>
  <datafield tag="980" ind1=" " ind2=" ">
    <subfield code="a">G</subfield>
  </datafield>
  <datafield tag="980" ind1=" " ind2=" ">
    <subfield code="a">AUTHORITY</subfield>
  </datafield>
  <datafield tag="909" ind1="C" ind2="O">
    <subfield code="o">oai:juser.fz-juelich.de:998026</subfield>
  </datafield>
</record>
</collection>